Normal view MARC view

Entry Personal Name

Number of records used in: 2

001 - CONTROL NUMBER

  • control field: 79995

003 - CONTROL NUMBER IDENTIFIER

  • control field: dpl

005 - DATE AND TIME OF LATEST TRANSACTION

  • control field: 20250328112844.0

008 - FIXED-LENGTH DATA ELEMENTS

  • fixed length control field: 250328|| aca||aabn | a|a d

040 ## - CATALOGING SOURCE

  • Original cataloging agency: dpl
  • Transcribing agency: dpl

100 ## - HEADING--PERSONAL NAME

  • Personal name: Dixit, Parul

670 ## - SOURCE DATA FOUND

  • Source citation: Work cat.: (dpl)210563: Dixit, Parul, Drug Laws Sentencing & Society/, 2022

© Delhi Public Library
Hit Counter
free hit counter